El Perú y la España Moderna

Na minha lista:
Detalhes bibliográficos
Autor principal: Márquez García, José Arnaldo (autor)
Formato: Livro
Idioma:espanhol
Publicado em: Lima Imprenta de El Nacional, calle de la Rifa, 58 1866
Edição:1a. ed
Assuntos:
Tags: Adicionar Tag
Sem tags, seja o primeiro a adicionar uma tag!

MARC

LEADER 00000nam a2200000 a 4500
001 UCJ6822
003 CL-VaPUC
008 070124e18660000PE |||||||||||||||||spa|d
082 0 4 |a 985  |b MAR  |2 21 
100 |a Márquez García, José Arnaldo  |e autor  |9 487693 
245 1 3 |a El Perú y la España Moderna 
250 |a 1a. ed 
300 |a 159 p 
942 |c BK 
945 |d 20070124 00:00:00  |a rinostro 
260 |a Lima  |b Imprenta de El Nacional, calle de la Rifa, 58   |c 1866 
500 |a Folio.- Media pasta.- Orlado. Se ubica junto a colección Bolivia-Perú 
650 0 |a Guerra de la independencia   |9 331979 
650 7 |a GUERRA CON ESPAÑA  |2 CL-VaPUC  |9 504456 
650 0 |a Diplomacia  |9 256483 
650 7 |a TRATADOS  |2 CL-VaPUC  |9 514206 
650 0 |a Bombardeo de Valparaíso  |9 395266 
650 0 |a Inmigración  |9 268290 
650 7 |a DOCUMENTOS  |2 CL-VaPUC  |9 366450 
651 7 |a CHILE  |2 CL-VaPUC  |9 514207 
651 0 |a España  |9 254926 
651 0 |a Perú  |9 256567 
583 |a last modification  |c 20070124 00:00:00  |k Rodrigo Vera 
999 |c 322924  |d 322922 
952 |0 0  |1 0  |4 0  |6 985_000000000000000_MAR_1866  |7 0  |8 X  |9 402089  |a FDOBUD  |b FDOBUD  |d 2019-11-22  |i 1053515  |o 985 MAR 1866  |p 1053515  |r 2019-11-22  |w 2019-11-22  |y BK_X  |k BUD